Film di fantascienza con maggiori incassi nella storia del cinema - Statistics

Statistiche generali
  • Questo quiz è stato fatto 54 volte
  • Il punteggio medio è 6 su 13
Statistiche sulle risposte
Incasso ($) Anno di uscita del film Film % Corretto
2 923 706 026 2009 Avatar
86%
2 320 250 281 2022 Avatar - La via dell'acqua
86%
1 027 082 707 1999 Star Wars: Episodio I - La minaccia fantasma
80%
1 332 698 830 2017 Star Wars: Gli ultimi Jedi
80%
2 069 521 700 2015 Star Wars: Il risveglio della Forza
80%
1 074 149 279 2019 Star Wars: L'ascesa di Skywalker
80%
1 033 928 303 1993 Jurassic Park
33%
1 671 537 444 2015 Jurassic World
22%
1 001 978 080 2022 Jurassic World - Il dominio
22%
1 310 466 296 2018 Jurassic World - Il regno distrutto
22%
1 058 682 142 2016 Rogue One: A Star Wars Story
4%
1 123 794 079 2011 Transformers 3
0%
1 104 054 072 2014 Transformers 4 - L'era dell'estinzione
0%
Nessun quiz corrispondente trovato
Distribuzione punteggi
Percentuale di utenti per punteggio
Percentile per numero di risposta
I tuoi punteggi nel tempo
Non hai fatto questo quiz